000 01257nam a2200265Ia 4500
003 Ost
005 20260416102354.0
008 260416s9999||||xx |||||||||||||| ||und||
040 _cfsecg
041 _aara
082 _a330
100 _aشراقي، باية خديجة
_eمؤلف
245 0 _a مدخل لعلم الإقتصاد /
_c باية خديجة شراقي
260 _aالجزائر
_bجامعة الجزائر3: كلية العلوم الإقتصادية، العلوم التجارية وعلوم التسيير
_c2019
300 _a66 ورقة
_c30 سم
504 _aمراجع ص.63
520 _aمدخل لماهية علم الاقتصاد، التطور التاريخي للفكر الاقتصادي، مدخل للمشكلة الاقتصادية، مدخل إلى النشاط الاقتصادي، مدخل للأنظمة الاقتصادية.
653 _aالاستهلاك
653 _aالاقتصاد
653 _aالانتاج
653 _aالمشاكل الاقتصادية
653 _aالنظم الاقتصادية
710 _aجامعة الجزائر3: كلية العلوم الإقتصادية، العلوم التجارية وعلوم التسيير
_eناشر علمي
942 _cHANDOUT
999 _c41152
_d41152